000 00234nam a22000857a 4500
008 160718b xxu||||| |||| 00| 0 eng d
100 _92990
_a Surmani, A., et al
245 _aEssentials of Music Theory
260 _aUSA
_b Alfred Pub.Co
_c1965
999 _c2553
_d2553